| 000 | 00898naa a2200253 u 4500 | ||
|---|---|---|---|
| 001 | 06520 | ||
| 003 | HDC | ||
| 007 | cr bn|---aauu| | ||
| 008 | 210124e2008 xx | a z000 s eng d | ||
| 040 | _aHDC | ||
| 100 |
_aDATUK SERI ABDULLAH BIN HAJI AHMAD BADAWI _96767 |
||
| 245 | 4 |
_aTHE MALAYSIA - IRAN BUSINESS FORUM / _cby DATUK SERI ABDULLAH BIN HAJI AHMAD BADAWI |
|
| 260 |
_aNEGERI SEMBILAN : _b[publisher not identified], _c2005 |
||
| 300 | _a7 pages | ||
| 336 |
_atext _2rdacontent |
||
| 337 |
_acomputer _2rdamedia |
||
| 338 |
_aonline resource _2rdacarrier |
||
| 650 |
_aBusiness forum _96946 |
||
| 650 |
_aBusiness opportunities _95958 |
||
| 650 |
_aDiplomatic relations _96939 |
||
| 856 | _zRequest full-text at [email protected] | ||
| 942 | _2lcc | ||
| 942 | _cSPE | ||
| 999 |
_c3844 _d3844 |
||